00823cam a22002171a 45000010008000000030009000080050017000170080041000340100017000750350019000920400030001110500014001410820016001551000068001712450099002392600034003383000029003725050162004016500025005636500017005886414124BDDh-ASL20231015025859.0820712s1932 enkbf 001 0 eng  a 33000285  a(OCoLC)8593708 aDLCcViLxWdDLCdBDDh-ASL00aDS38b.G5 a297.09bGIM1 aGibb, H. A. R.q(Hamilton Alexander Rosskeen),d1895-1971,eed.10aWhither Islam? :ba survey of modern movements in the Moslem world /cedited by H. A. R. Gibb. aLondon :bV. Gollancz,c1932. a384 p. :bill. ;c23 cm.0 aMassignon, L. Africa (excluding Egypt).--Kampffmeyer, G. Egypt and western Asia.--Ferrar, M. L. India.--Berg, C. C. Indonesia.--Gibb, H. A. R. Whither Islam? 0aIslamy20th century. 0aPanislamism.